000 00495nam a2200193 a 4500
001 38042
005 20180714011205.0
008 140415s1995 sp 000 0 spa d
020 _a9682524504
041 _aspa
082 _a611.0181
_bFAW
100 1 _aFAWCETT, DON W.
245 1 0 _aBLOOM FAWCETT TRATADO DE HISTOLOGIA
250 _a2a ed.
260 _aESPAÑA :
_bINTERAMERICANA,
_c1995
300 _a1044
650 1 4 _aHISTOLOGIA
700 1 _aMADERO, SANTIAGO
_etr.
999 _c38042
_d38042